Meditación de la técnica y otros ensayos

Zapisane w:
Opis bibliograficzny
Format: Książka
Język:hiszpański
Wydane: Madrid Revista de Occidente 1977
Wydanie:7a. ed
Seria:Colección El Arquero
Hasła przedmiotowe:
Etykiety: Dodaj etykietę
Nie ma etykietki, Dołącz pierwszą etykiete!

MARC

LEADER 00000nam a2200000 a 4500
001 UCW4385
003 CL-VaPUC
005 20221119074309.0
008 900322e19770000SP |||||||||||||||||spa|d
999 |c 218143  |d 218141 
040 |c Pontificia Universidad Católica de Valparaíso 
082 0 4 |a 601  |b ORT  |2 21 
245 1 0 |a Meditación de la técnica y otros ensayos 
250 |a 7a. ed 
260 |a Madrid  |b Revista de Occidente  |c 1977 
300 |a 198 p 
490 0 |a Colección El Arquero 
583 |a last modification  |c 20160920 04:13:36  |k Rodrigo Vera 
650 7 |a DESARROLLO TECNOLOGICO  |2 CL-VaPUC  |9 259800 
650 0 |a Filosofía de las ciencias  |9 256466 
942 |c BK  |2 ddc 
945 |d 19900322 00:00:00 
952 |0 0  |1 0  |4 0  |6 601_000000000000000_ORT_1977  |7 0  |8 P  |9 207153  |a BIBEDU  |b BIBEDU  |c BIBEDU_PB  |d 2019-11-15  |i 2749157  |o 601 ORT 1977  |p 2749157  |r 2024-01-25  |w 2019-11-15  |y BK  |k EDU